| 000 | 00664nam a2200217 u 4500 | ||
|---|---|---|---|
| 005 | 20210223133100.0 | ||
| 008 | 160927s2005 ve r 000 0 spa d | ||
| 020 | _a9802573140 | ||
| 035 | _aUPN01000213690 | ||
| 049 | _aI | ||
| 050 | 4 |
_aPZ10.3 _bW5.9 |
|
| 100 | 1 |
_aWild, Margaret, _d1948- _936684 |
|
| 245 | 1 | 0 |
_aZorro / _cMargaret Wild ; il. Ron Brooks ; tr. Carmen Diana Dearden. |
| 260 |
_aCaracas : _bEkaré, _cc2005. |
||
| 300 |
_a[35] p. : _bprincipalmente il. col. |
||
| 534 |
_pTitulo original: _tFox |
||
| 650 | 4 |
_aCUENTOS INFANTILES AUSTRALIANOS _912928 |
|
| 650 | 4 |
_aZORROS - _vCUENTOS Y LEYENDAS _921874 |
|
| 905 | _aInfantil | ||
| 999 |
_c185790 _d185790 |
||